|
|
|
|
| LEADER |
00928nab a2200265 i 4500 |
| 001 |
publ22770 |
| 005 |
20211029091500.0 |
| 008 |
211029s2021 hu o 0|| Angol d |
| 022 |
|
|
|a 2063-9538
|
| 024 |
7 |
|
|a 10.15196/RS110308
|2 doi
|
| 024 |
7 |
|
|a 32072518
|2 mtmt
|
| 040 |
|
|
|a SZTE Publicatio Repozitórium
|b hun
|
| 041 |
|
|
|a Angol
|
| 100 |
1 |
|
|a Pál Viktor
|
| 245 |
1 |
0 |
|a Concentration and inequality in the geographic distribution of physicians in the European Union, 2006–2018
|h [elektronikus dokumentum] /
|c Pál Viktor
|
| 260 |
|
|
|c 2021
|
| 300 |
|
|
|a 3-28
|
| 490 |
0 |
|
|a REGIONAL STATISTICS
|v 11 No. 3
|
| 650 |
|
4 |
|a Társadalom- és gazdaságföldrajz
|
| 700 |
0 |
1 |
|a Lados Gábor
|e aut
|
| 700 |
0 |
2 |
|a Ilcsikné Makra Zsófia
|e aut
|
| 700 |
0 |
2 |
|a Boros Lajos
|e aut
|
| 700 |
0 |
2 |
|a Uzzoli Annamária
|e aut
|
| 700 |
0 |
2 |
|a Fabula Szabolcs
|e aut
|
| 856 |
4 |
0 |
|u http://publicatio.bibl.u-szeged.hu/22770/1/Reg_Stat_20211131.pdf
|z Dokumentum-elérés
|